| 000 | 00684nam a22002177a 4500 | ||
|---|---|---|---|
| 005 | 20170124110202.0 | ||
| 010 | _aA-354692 | ||
| 020 | _c00.00 | ||
| 035 | _aA-354692 | ||
| 037 | _bCen Lib/Ret | ||
| 040 |
_aDPL _bEN |
||
| 082 |
_a181.41 _bPAN |
||
| 100 |
_aPandit, M. P _935266 |
||
| 245 |
_aTraditions in sadhana : _cby M. P. Pandit _bstudies in tantra, veda, yoga, philosophy and mysticism / |
||
| 260 |
_aNew Delhi _bSterling Publishers _c1988 |
||
| 270 |
_aL-10, Green Park Extension _bNew Delhi _e110016 |
||
| 300 |
_axii,289p. _c21cm(Hb) |
||
| 650 |
_aMysticism--Hinduism _912081 |
||
| 650 |
_aPhilosophy, Indic _936500 |
||
| 942 |
_2ddc _cEN _h181.41 _mPAN |
||
| 999 |
_c133010 _d133010 |
||